00879nam a2200181 a 450000100100000000500170001000800410002704000250006810000300009324500720012326000370019530000200023250001010025295201110035395201050046495201110056999900170068000004379520201002044954.0140501s2014 dr 000 0 spa d aDO-SdBNPbspacBNPHU1 aCáceres, Domingo97162810aEstudio de las Verdades Bíblicas :b(la paz /cDomingo Cáceres. aSanto Domingo, :b[s.d.],c2014. a98 p. ;c22 cm. aEspecial para estudiosos, predicadores, profetas, pastores y evangelistas de la palabra de Dios. 0010718DSaGRbGRcCTd2014-05-01iLF1l0o p43795-30r2020-06-25te. 3w2020-06-25yLFDSZNo se presta 0010718PDaPDbPDcCTd2014-05-01iLF1l0o p43795-10r2020-06-25w2020-06-25yLFPDZNo se presta 0010718PDaPDbPDcCTd2014-05-01iLF1l0o p43795-20r2020-06-25te. 2w2020-06-25yLFPDZNo se presta c43284d43284